000 00380 a2200169 4500
001 164189
020 _a85-02-02793-X
040 _cMagnum
100 _aAlves, Januária Cristina
240 1 0 _aEnquanto meu amor não vem
_lpor
245 1 0 _aEnquanto meu amor não vem
300 _a95
362 0 _a1998
440 1 _aSaraiva
697 _aLITERATURA JUVENIL
942 _cBK
999 _c164189
_d164189